All World Series Champions - Statistics

General Stats
  • This quiz has been taken 18 times
  • The average score is 68 of 123
Answer Stats
Year World Series Champion % Correct
2002 Anaheim Angels
69%
2001 Arizona Diamondbacks
69%
2021 Atlanta Braves
69%
1903 Boston Americans
69%
2007 Boston Red Sox
69%
2013 Boston Red Sox
69%
2018 Boston Red Sox
69%
2016 Chicago Cubs
69%
2005 Chicago White Sox
69%
1997 Florida Marlins
69%
2003 Florida Marlins
69%
2017 Houston Astros
69%
2022 Houston Astros
69%
2015 Kansas City Royals
69%
2020 Los Angeles Dodgers
69%
2024 Los Angeles Dodgers
69%
2025 Los Angeles Dodgers
69%
1947 New York Yankees
69%
1949 New York Yankees
69%
1950 New York Yankees
69%
1951 New York Yankees
69%
1952 New York Yankees
69%
1953 New York Yankees
69%
1956 New York Yankees
69%
1958 New York Yankees
69%
1996 New York Yankees
69%
1998 New York Yankees
69%
1999 New York Yankees
69%
2000 New York Yankees
69%
2009 New York Yankees
69%
2008 Philadelphia Phillies
69%
2010 San Francisco Giants
69%
2012 San Francisco Giants
69%
2014 San Francisco Giants
69%
2011 St. Louis Cardinals
69%
2023 Texas Rangers
69%
1992 Toronto Blue Jays
69%
1993 Toronto Blue Jays
69%
2019 Washington Nationals
69%
1995 Atlanta Braves
62%
1918 Boston Red Sox
62%
2004 Boston Red Sox
62%
1908 Chicago Cubs
62%
1991 Minnesota Twins
62%
1927 New York Yankees
62%
1928 New York Yankees
62%
1938 New York Yankees
62%
1939 New York Yankees
62%
1941 New York Yankees
62%
1943 New York Yankees
62%
1961 New York Yankees
62%
1962 New York Yankees
62%
1972 Oakland Athletics
62%
1974 Oakland Athletics
62%
1944 St. Louis Cardinals
62%
1946 St. Louis Cardinals
62%
2006 St. Louis Cardinals
62%
1970 Baltimore Orioles
54%
1915 Boston Red Sox
54%
1904 Cancelled
54%
1975 Cincinnati Reds
54%
1976 Cincinnati Reds
54%
1990 Cincinnati Reds
54%
1948 Cleveland Indians
54%
1981 Los Angeles Dodgers
54%
1957 Milwaukee Braves
54%
1954 New York Giants
54%
1932 New York Yankees
54%
1936 New York Yankees
54%
1937 New York Yankees
54%
1977 New York Yankees
54%
1978 New York Yankees
54%
1989 Oakland Athletics
54%
1994 Player Strike
54%
1931 St. Louis Cardinals
54%
1934 St. Louis Cardinals
54%
1942 St. Louis Cardinals
54%
1966 Baltimore Orioles
46%
1983 Baltimore Orioles
46%
1912 Boston Red Sox
46%
1916 Boston Red Sox
46%
1955 Brooklyn Dodgers
46%
1907 Chicago Cubs
46%
1906 Chicago White Sox
46%
1917 Chicago White Sox
46%
1945 Detroit Tigers
46%
1968 Detroit Tigers
46%
1985 Kansas City Royals
46%
1959 Los Angeles Dodgers
46%
1987 Minnesota Twins
46%
1921 New York Giants
46%
1922 New York Giants
46%
1969 New York Mets
46%
1986 New York Mets
46%
1923 New York Yankees
46%
1973 Oakland Athletics
46%
1929 Philadelphia Athletics
46%
1964 St. Louis Cardinals
46%
1967 St. Louis Cardinals
46%
1982 St. Louis Cardinals
46%
1914 Boston Braves
38%
1920 Cleveland Indians
38%
1935 Detroit Tigers
38%
1984 Detroit Tigers
38%
1963 Los Angeles Dodgers
38%
1988 Los Angeles Dodgers
38%
1905 New York Giants
38%
1910 Philadelphia Athletics
38%
1911 Philadelphia Athletics
38%
1913 Philadelphia Athletics
38%
1930 Philadelphia Athletics
38%
1980 Philadelphia Phillies
38%
1909 Pittsburgh Pirates
38%
1960 Pittsburgh Pirates
38%
1971 Pittsburgh Pirates
38%
1979 Pittsburgh Pirates
38%
1926 St. Louis Cardinals
38%
1919 Cincinnati Reds
31%
1965 Los Angeles Dodgers
31%
1933 New York Giants
31%
1924 Washington Senators
31%
1940 Cincinnati Reds
23%
1925 Pittsburgh Pirates
23%
No matching quizzes found
Score Distribution
Percent of People with Each Score
Percentile by Number Answered
Your Score History
You have not taken this quiz